A study on breast-feeding status in rural and urban areas of central devewlopment region, Nepal
Saved in:
| Institution som forfatter: | |
|---|---|
| Format: | Ukendt |
| Udgivet: |
1992
|
| Fag: | |
| Online adgang: | Visit NHRC Library |
| Tags: |
Tilføj Tag
Ingen Tags, Vær først til at tagge denne postø!
|
| LEADER | 00634 a2200157 4500 | ||
|---|---|---|---|
| 110 | |a UNICEF |9 219 | ||
| 245 | |a A study on breast-feeding status in rural and urban areas of central devewlopment region, Nepal | ||
| 260 | |c 1992 | ||
| 300 | |a 37p. ; | ||
| 500 | |a Research Report | ||
| 546 | |a eng. | ||
| 650 | |a breast-feeding |a Rural area |a Urban area |9 2010 | ||
| 856 | |u http://nhrc.org.np/index.php?option=com_content&view=article&id=48&Itemid=53 |y Visit NHRC Library | ||
| 942 | |2 NLM |c RR | ||
| 952 | |0 0 |1 0 |2 lcc |4 0 |6 RES 00052/UNI/01992 |7 0 |9 515 |a NHRC |b NHRC |c REF |d 2012-07-12 |l 0 |o RES 52/UNI/1992 |p RES-00052 |r 2012-07-12 |w 2012-07-12 |y RR | ||
| 999 | |c 509 |d 509 | ||